000 00400nam a22001697a 4500
003 NUST - PNEC
005 20170116181126.0
008 151005b xxu||||| |||| 00| 0 eng d
020 _a-
040 _cLIBRARY
082 _a923.1 FER
100 _913703
_aFernandes, Praxy
245 _aThe tiger of Maysore
_cFernandes, Praxy
260 _cc.1969
650 _xGeneral book
942 _2ddc
_cBK
999 _c69759
_d69759